[Event "VIE-ch U13"]
[Site "Da Lat"]
[Date "2013.07.??"]
[Round "9"]
[White "Le, Minh Hoang"]
[Black "Tran, Dus Anh"]
[Result "1-0"]
[WhiteElo "1912"]
[BlackElo "1981"]
[PlyCount "71"]
[EventDate "2013.07.13"]
[EventType "swiss"]
[EventRounds "9"]
[EventCountry "VIE"]
[SourceTitle "EXT 2014"]
[Source "ChessBase"]
[SourceDate "2013.11.20"]
[SourceVersion "1"]
[SourceVersionDate "2013.11.20"]
[SourceQuality "1"]

1. d4 d5 2. c4 e6 3. Nf3 Nf6 4. g3 c6 5. Bg2 Be7 6. 0-0 0-0 7. Nc3 Nbd7 8. Bf4 b6 9. cxd5 exd5 10. Qc2 Bb7 11. Rad1 Re8 12. Rfe1 Bb4 13. a3 Bxc3 14. bxc3 Nf8 15. c4 Ng6 16. Bc1 Rc8 17. c5 b5 18. Ng5 h6 19. Nh3 Rc7 20. Nf4 Nf8 21. Nd3 Ng6 22. f4 Bc8 23. Ne5 Ne7 24. Bd2 Rb7 25. Qb3 Qc7 26. Bc3 Nf5 27. Bb2 Be6 28. g4 Nh4 29. f5 Bc8 30. Bh1 g6 31. Qg3 g5 32. Qb3 a5 33. e4 a4 34. Qc3 dxe4 35. d5 Rxe5 36. d6 1-0